| 000 | 00462nam a2200145Ia 4500 | ||
|---|---|---|---|
| 008 | 230917s9999||||xx |||||||||||||| ||und|| | ||
| 040 |
_e180517 _aMAIN |
||
| 041 | _aEnglish | ||
| 082 | _a891.432741 VB425K | ||
| 100 | _aवरेरकर, भार्गवराम विट्ठल | ||
| 245 | 0 | _aकला के लिए | |
| 260 |
_aदिल्ली _bआत्माराम एण्ड संस _c1975 |
||
| 300 | _a78 पृ. p. | ||
| 942 | _cHN | ||
| 999 |
_c217714 _d217714 |
||